| 000 | 00663nam a2200217Ii 4500 | ||
|---|---|---|---|
| 003 | JO-AjNU | ||
| 008 | 230606s9999||||xx |||||||||||||| ||und|| | ||
| 020 | _a0-85097-853-x | ||
| 040 |
_aJO-AjNU _beng _erda _cJO-AjNU |
||
| 041 | _aeng | ||
| 050 | 1 | 4 | _aHF5635 1989 |
| 100 | 3 |
_aO'Neill,Jim/Holmes,Gordon/ Thornton,Geoff, _eauthor _93189 |
|
| 245 | 0 | 0 | _aFinancial Accounting |
| 250 | _a1 ed | ||
| 264 | 3 | 1 | _aLondon: Charles Letts and Co Ltd,1989 |
| 300 |
_a248p _bglossary(245-246p), indexes(247-248p) |
||
| 336 |
_atext _btxt _2rdacontent |
||
| 337 |
_aunmediated _bn _2rdamedia |
||
| 338 |
_avolume _bnc _2rdacarrier |
||
| 650 | 4 |
_aFinancial Accounting _93190 |
|
| 999 |
_aE1670 _c1670 _d1670 |
||